Novels by Cushion Quiz Stats

 Plays Quiz Updated Feb 9, 2019

Support Sporcle.
Go Orange.
Score 0/20 Timer 05:00
0 Plays Today
Hint Answer % Correct
Harry Potter
90.5%
Little Women
87%
A Study in Scarlet
86.7%
Moby-Dick
86.5%
The Girl with the Dragon Tattoo
83%
Animal Farm
74.6%
Oliver Twist
67.1%
The Hitchhiker's Guide to the Galaxy
66.7%
Pride and Prejudice
59.9%
Don Quixote
58.4%
Hint Answer % Correct
Lord of the Flies
56.3%
The Lord of the Rings
54.9%
To Kill a Mockingbird
49.4%
The Hunchback of Notre Dame
48.3%
A Song of Ice and Fire
42.5%
Jane Eyre
31.6%
The Metamorphosis
29.3%
Dune
27.2%
The Handmaid's Tale
26.1%
Under the Dome
10.2%

From the Vault

2017/18 UCL Teams by Kits

by bortoluka

Sports 4m
When it rains, they all get soaked in the same way.
Remove Ads.
Support Sporcle.
Get the best of Sporcle when you Go Orange. This ad-free experience offers more features, more stats, and more fun while also helping to support Sporcle. Thank you for becoming a member.

Show Comments

Extras

Top Quizzes Today


Score Distribution

Your Account Isn't Verified!

In order to create a playlist on Sporcle, you need to verify the email address you used during registration. Go to your Sporcle Settings to finish the process.

Report this User

Report this user for behavior that violates our Community Guidelines.

Details: